Catholic University of Zimbabwe Library
Online Public Access Catalogue
(OPAC)

Migrants and City-Making (Record no. 25878)

MARC details
000 -LEADER
fixed length control field 02602cam a22005294a 4500
001 - CONTROL NUMBER
control field muse74707
003 - CONTROL NUMBER IDENTIFIER
control field MdBmJHUP
005 - DATE AND TIME OF LATEST TRANSACTION
control field 20210127151455.0
006 - FIXED-LENGTH DATA ELEMENTS--ADDITIONAL MATERIAL CHARACTERISTICS
fixed length control field m o d
007 - PHYSICAL DESCRIPTION FIXED FIELD--GENERAL INFORMATION
fixed length control field cr||||||||nn|n
008 - FIXED-LENGTH DATA ELEMENTS--GENERAL INFORMATION
fixed length control field 180213s2018 ncu o 00 0 eng d
010 ## - LIBRARY OF CONGRESS CONTROL NUMBER
Canceled/invalid LC control number 2018004045
020 ## - INTERNATIONAL STANDARD BOOK NUMBER
International Standard Book Number 9780822372011
020 ## - INTERNATIONAL STANDARD BOOK NUMBER
Canceled/invalid ISBN 9780822370444 (hardcover : alk. paper)
020 ## - INTERNATIONAL STANDARD BOOK NUMBER
Canceled/invalid ISBN 9780822370567 (pbk. : alk. paper)
035 ## - SYSTEM CONTROL NUMBER
System control number (OCoLC)1132227053
040 ## - CATALOGING SOURCE
Original cataloging agency MdBmJHUP
Transcribing agency MdBmJHUP
043 ## - GEOGRAPHIC AREA CODE
Geographic area code a-tu---
-- n-us-nh
-- e-gx---
050 04 - LIBRARY OF CONGRESS CALL NUMBER
Classification number JV6225
Item number .S564 2018
082 0# - DEWEY DECIMAL CLASSIFICATION NUMBER
Classification number 305.9/06912091732
Edition number 23
100 1# - MAIN ENTRY--PERSONAL NAME
Personal name Simsek-Caglar, Ayse,
Relator term author.
245 10 - TITLE STATEMENT
Title Migrants and City-Making
Remainder of title Dispossession, Displacement, and Urban Regeneration /
Statement of responsibility, etc. Ayşe Çağlar and Nina Glick Schiller.
264 #1 - PRODUCTION, PUBLICATION, DISTRIBUTION, MANUFACTURE, AND COPYRIGHT NOTICE
Name of producer, publisher, distributor, manufacturer Duke University Press,
264 #3 - PRODUCTION, PUBLICATION, DISTRIBUTION, MANUFACTURE, AND COPYRIGHT NOTICE
Name of producer, publisher, distributor, manufacturer Project MUSE,
300 ## - PHYSICAL DESCRIPTION
Extent 1 online resource (xii, 280 pages) :
Other physical details illustrations, maps ;
504 ## - BIBLIOGRAPHY, ETC. NOTE
Bibliography, etc. note Includes bibliographical references and index.
505 0# - FORMATTED CONTENTS NOTE
Formatted contents note Introduction: Multiscalar city-making and emplacement: processes, concepts, and methods -- Introducing three cities : similarities despite difference -- Welcoming narratives : small migrant businesses within multiscalar restructuring -- They are us : urban sociabilities within multiscalar power -- Social citizenship of the dispossessed : embracing global Christianity -- "A city searching for its future in its past" : the multiscalar emplacement of returnees -- Conclusion: time, space, and agency.
506 0# - RESTRICTIONS ON ACCESS NOTE
Terms governing access Open Access
Standardized terminology for access restriction Unrestricted online access
Source of term star
588 ## - SOURCE OF DESCRIPTION NOTE
Source of description note Description based on print version record.
650 #0 - SUBJECT ADDED ENTRY--TOPICAL TERM
Topical term or geographic name entry element City planning
Geographic subdivision Germany
-- Halle an der Saale.
650 #0 - SUBJECT ADDED ENTRY--TOPICAL TERM
Topical term or geographic name entry element City planning
Geographic subdivision New Hampshire
-- Manchester.
650 #0 - SUBJECT ADDED ENTRY--TOPICAL TERM
Topical term or geographic name entry element City planning
Geographic subdivision Turkey
-- Mardin.
650 #0 - SUBJECT ADDED ENTRY--TOPICAL TERM
Topical term or geographic name entry element Immigrants
Geographic subdivision Germany
-- Halle an der Saale.
650 #0 - SUBJECT ADDED ENTRY--TOPICAL TERM
Topical term or geographic name entry element Immigrants
Geographic subdivision New Hampshire
-- Manchester.
650 #0 - SUBJECT ADDED ENTRY--TOPICAL TERM
Topical term or geographic name entry element Immigrants
Geographic subdivision Turkey
-- Mardin.
650 #0 - SUBJECT ADDED ENTRY--TOPICAL TERM
Topical term or geographic name entry element Emigration and immigration
General subdivision Social aspects.
655 #7 - INDEX TERM--GENRE/FORM
Genre/form data or focus term Electronic books.
Source of term local
700 1# - ADDED ENTRY--PERSONAL NAME
Personal name Schiller, Nina Glick,
Relator term author.
776 18 - ADDITIONAL PHYSICAL FORM ENTRY
Relationship information Online version:
Title Migrants and city-making
Place, publisher, and date of publication Durham : Duke University Press, 2018
International Standard Book Number 9780822372011
Record control number (DLC) 2018008084
710 2# - ADDED ENTRY--CORPORATE NAME
Corporate name or jurisdiction name as entry element Project Muse.
Relator term distributor
830 #0 - SERIES ADDED ENTRY--UNIFORM TITLE
Uniform title Book collections on Project MUSE.
856 40 - ELECTRONIC LOCATION AND ACCESS
Public note Full text available:
Uniform Resource Identifier <a href="https://muse.jhu.edu/book/65104/">https://muse.jhu.edu/book/65104/</a>
Holdings
Withdrawn status Lost status Source of classification or shelving scheme Damaged status Not for loan Home library Current library Shelving location Date acquired Total Checkouts Full call number Date last seen Uniform Resource Identifier Price effective from Koha item type
          Digital Library Digital Library Online Access 27.01.2021   JV6225 .S564 2018 27.01.2021 https://muse.jhu.edu/book/65104/ 27.01.2021 eBook

OPENING HOURS

Weekdays: 0815hrs - 1800hrs
Weekends:0900hrs - 1200hrs

Closed for Mass:

Mon, Thur: 1200hrs - 1300hrs
Sunday & Public Holiday’s

CALL SUPPORT

0242-570570, 0242-570169
09200664, +263 8644140602

LOCATION

18443, Cranborne Avenue, Hatfield, Harare

Other Links


©2021 | CUZ Library